Informe sobre actividades operacionales
Sábháilte in:
| Formáid: | LEABHAR |
|---|---|
| Teanga: | Spanish |
| Foilsithe / Cruthaithe: |
Nairobi : Centro de las Naciones Unidas para los Asentamientos Humanos,
1995
|
| Ábhair: | |
| Clibeanna: |
Cuir clib leis
Níl clibeanna ann, Bí ar an gcéad duine le clib a chur leis an taifead seo!
|
MARC
| LEADER | 00000nam a2200000Ia 4500 | ||
|---|---|---|---|
| 003 | 002460 | ||
| 005 | 20221231144011.0 | ||
| 008 | 140114s1995 ke a 000 ||spa d | ||
| 040 | |c cru CEDI | ||
| 082 | |a 711.4 I43i | ||
| 245 | |a Informe sobre actividades operacionales | ||
| 260 | |a Nairobi : Centro de las Naciones Unidas para los Asentamientos Humanos, |c 1995 | ||
| 300 | |a 151 páginas :ilustraciones | ||
| 650 | |x ASENTAMIENTOS HUMANOS |x REHABILITACION URBANA |9 21549 | ||
| 942 | |2 ddc |c BK | ||
| 999 | |c 15422 |d 15422 | ||
